000 00206nam a2200085Ia 4500
008 120527s9999 xx 000 0 und d
100 _aWolfe, L. Stephen
245 _aIntroduction to cell biology
942 _cBK
999 _c27338
_d27338